000 00305nam a22001337a 4500
008 181031b xxu||||| |||| 00| 0 eng d
020 _a9780155069336
041 _aeng
080 _28th
_a371
100 _a46
101 _aEDU
245 _aDeveloping Reading Versatility
_cAdams,W.R
942 _2udc
_cBK
999 _c51239
_d51239